| 000 | 00541nam a2200157 4500 | ||
|---|---|---|---|
| 001 | 109251 | ||
| 003 | ES-MaACL | ||
| 005 | 20230906184816.0 | ||
| 007 | t| | ||
| 008 | 061121s1922 sp r ||||1| spa d | ||
| 100 | 1 |
_aOliveras Massó, Claudio. _986864 |
|
| 245 | 1 | 0 |
_aMillones perdidos por los viticultores a causa de las altas temperaturas de fermentación de los mostos / _cClaudio Oliveras Massó. |
| 260 |
_aReus : _b[s.n.], _c1922 ( _fEduardo Navas) |
||
| 300 |
_aXII, 118 p. 9 lám ; _c23 cm. |
||
| 852 |
_aES-MaACL _j1673-F-11 _bR.4478 |
||
| 999 |
_c109251 _d109251 |
||